The Legend of Zelda: Breath of the Wild - Shrines - Statistics

General Stats
  • This quiz has been taken 104 times
  • The average score is 38 of 120
Answer Stats
Description Shrine % Correct
Magnesis Trial Oman Au
67%
Cryonis Trial Keh Namut
56%
Stasis Trial Owa Daim
56%
Twin Memories Shee Vaneer
56%
_____ ____'s Teaching Ta'loh Naeg
53%
Windmills Akh Va'quot
51%
Bomb Trial Ja Baij
51%
Timing is Critical Ree Dahee
51%
Twin Memories Shee Venath
51%
A Minor Test of Strength Dah Hesho
49%
The Water Guides Ha Dahamar
49%
The Wind Guides You Bosh Kala
44%
Cannon Bareeda Naag
42%
A Major Test of Strength Chaas Qeta
42%
The Whole Picture Daqo Chisay
42%
A Major Test of Strength Kema Kosassa
42%
Fateful Stars Keo Ruug
42%
_____ _____ Apparatus Myahm Agana
42%
A Major Test of Strength Hia Miu
40%
Pushing Power Ne'ez Yohma
40%
Sunken Scoop Daka Tuss
38%
Drifting Hila Rao
38%
_____ ____'s Blessing Jitan Sa'mi
38%
______ ___ Apparatus Katosa Aug
38%
Halt the Tilt Shai Utoh
38%
Path of Hidden Winds Sha Warvo
38%
A Weighty Decision Yah Rin
38%
Shields From Water Kaya Wan
36%
Power of Electricity Kay Noh
36%
_____ _____'s Blessing Lakna Rokee
36%
______ ____'s Blessing Ritaag Zumo
36%
Passing of the Gates Rota Ooh
36%
The Winding Route Voo Lota
36%
__ _____ Apparatus Ze Kasho
36%
The Current Solution Hawa Koth
33%
Bravery's Grasp Ishto Soh
33%
On the Move Jee Noh
33%
Trial of Power Kaam Ya'tak
33%
_____ ____'s Blessing Keeha Yoog
33%
Melting Ice Hazard Kuh Takkar
33%
Tempered Power Mirro Shaz
33%
A Modest Test of Strength Muwo Jeem
33%
Red Giveaway Shada Naw
33%
Build and Release Dunba Taag
31%
A Major Test of Strength Goma Asaagh
31%
_____ ____'s Blessing Gorae Torr
31%
Wind Guide Kah Okeo
31%
_____ ______'s Blessing Korgu Chideh
31%
Drawing Parabolas Monya Toma
31%
A Modest Test of Strength Namika Ozz
31%
____ ______'s Blessing Rona Kachta
31%
Passing the Flame Tah Muhl
31%
Two Orbs to Guide You Zalta Wa
31%
____ ___'s Blessing Zuna Kai
31%
_____ ____'s Blessing Dagah Keek
29%
Three Boxes Dow Na'eh
29%
Quick Thinking Kah Yah
29%
_____ ___'s Blessing Korsh O'hu
29%
____ ______'s Blessing Kuhn Sidajj
29%
_____ ____'s Blessing Misae Suma
29%
Synced Swing Mogg Latan
29%
A Major Test of Strength Mozo Shenno
29%
A Balanced Approach Qua Raym
29%
Swinging Flames Shae Mo'sah
29%
Two Bombs Sho Dantu
29%
Impeccable Timing Shoda Sah
29%
____ ____'s Blessing Tawa Jinn
29%
__ _____'s Blessing Tu Ka'loh
29%
A Major Test of Strength Tutsuwa Nima
29%
Metal Connections Wahgo Katta
29%
Shatter the Heavens Ya Naga
29%
____ ______'s Blessing Daag Chokah
27%
A Minor Test of Strength Dah Kaso
27%
Electric Path Dako Tah
27%
____ ____'s Blessing Dila Maag
27%
Tandem Gee Ha'rah
27%
_____ ___ Apparatus Joloo Nah
27%
Drop and Rise Kah Mael
27%
_____ _____'s Blessing Ketoh Wawai
27%
A Minor Test of Strength Noya Neha
27%
A Minor Test of Strength Pumaag Nitae
27%
_____ ____'s Blessing Qukah Nata
27%
____ _____'s Blessing Shae Katha
27%
Shift and Lock Sha Gehma
27%
Blue Flame Shora Hah
27%
___ ____'s Blessing Tho Kayu
27%
__ _____'s Blessing To Quomo
27%
Trial of Passage Kam Urog
24%
Metal Doors Open the Way Ka'o Makagh
24%
A Delayed Puzzle Kema Zoos
24%
Steady Thy Heart Maka Rah
24%
Ancient Trifecta Mezza Lo
24%
Metal Makes a Path Mo'a Keet
24%
____ _____'s Blessing Raqa Zunzo
24%
Aim for the Moment Shae Loya
24%
____ ____'s Blessing Shai Yota
24%
Moving in Parallel Sheem Dagoze
24%
A Minor Test of Strength Soh Kofi
24%
____ _____'s Blessing Suma Sahma
24%
____ ___ Apparatus Toto Sah
24%
A Minor Test of Strength Katah Chuki
22%
____ _____'s Blessing Qaza Tokki
22%
Directing the Wind Rin Oyaa
22%
Power of Reach Rok Uwog
22%
Five Flames Rucco Maag
22%
A Major Test of Strength Saas Ko'sah
22%
Speed of Light Sheh Rata
22%
_____ ___'s Blessing Tahno O'ah
22%
Buried Secrets Toh Yahsa
22%
Greedy Hill Kayra Mah
20%
A Modest Test of Strength Ke'nai Shakah
20%
____ _____'s Blessing Maag Halan
20%
A Modest Test of Strength Mijah Rokee
20%
Power of Fire Sah Dahaj
20%
A Modest Test of Strength Sasa Kai
20%
____ _____'s Blessing Maag No'rah
18%
A Modest Test of Strength Shoqa Tatone
18%
A Major Test of Strength Tena Ko'sah
18%
Stalled Flight Daqa Koh
16%
_____ ____'s Blessing Lanno Kooh
16%
No matching quizzes found
Score Distribution
Percent of People with Each Score
Percentile by Number Answered
Your Score History
You have not taken this quiz